000 00345nam a2200133 i 4500
001 bg
100 1 _aWOLNA, Małgorzata
245 0 _aMechaniczne i elastooptyczne własności materiałów... /
_cMałgorzata Wolna.
260 _aWarszawa,
_c1980.
040 _cBPK
041 _apol
942 _cKS
008 s pl f |000 0 pol
999 _c20864
_d20864
856 _uhttp://koha.tu.koszalin.pl/cgi-bin/koha/opac-detail.pl?biblionumber=20864
_yKatalog online BPK